[Event "FIDE World Cup"]
[Site "Tbilisi"]
[Date "2017.09.07"]
[Round "2.2"]
[White "Nepomniachtchi, Ian"]
[Black "Adhiban, Baskaran"]
[Result "1/2-1/2"]
[WhiteElo "2751"]
[BlackElo "2677"]
[Annotator "Adhiban,B"]
[PlyCount "126"]
[EventDate "2017.09.03"]
[EventType "k.o."]
[EventRounds "7"]
[EventCountry "GEO"]
[SourceTitle "CBM 181"]
[Source "ChessBase"]
[SourceDate "2017.11.10"]
[SourceVersion "1"]
[SourceVersionDate "2017.11.10"]
[SourceQuality "1"]

1. c4 Nf6 2. Nc3 g6 3. e4 e5 $5 (3... Bg7 {I wonder what he had in mind
against my KID, I got the answer in the second rapid game!}) 4. Nf3 Nc6 5. d4
exd4 6. Nxd4 Bg7 7. Nxc6 dxc6 (7... bxc6 8. e5 Qe7 9. Qe2 $1 {Nepo being a
Scotch player would be extremely happy with the current position.} Ng8 10. Bf4
{with a clear advantage.}) 8. Qxd8+ Kxd8 {The fabled Berlin Endgame with minor
modifications but the presence of the white pawn on c4 makes it quite
comfortable for Black.} 9. Bf4 Be6 {The rest is pure domination and strong
technique on my part, at least until the end!} 10. O-O-O+ (10. Be5 $1 {It is
essential to get rid of the dark-squared bishop.}) 10... Nd7 $1 {Now I have
very comfortable position.} 11. Be2 Bxc3 $5 {I was bit surprised that Nepo
allowed this because now his pawn structure on the queenside is a total mess.
But knowing Nepo he probably put all his hopes on a pawn storm on the kingside.
} 12. bxc3 Kc8 13. Rd2 a5 $1 {Signalling the start of the queenside onslaught!}
14. Be3 h5 $1 {It is always useful to include this and White has to activate
my rook if he wants to get his kingside pawns rolling.} 15. Rhd1 a4 16. f4 Ra5
17. h3 c5 {[%csl Rc4][%cal Gd7b6] The ideal plan has been achieved and c4 is
going to fall soon and White's only hope is the counter on the kingside and
the pressure on the d-file.} 18. g4 hxg4 19. hxg4 Nb6 20. f5 Nxc4 $1 (20...
Bxc4 21. Bg5 Kb8 22. Bxc4 Nxc4 23. Rd8+ Rxd8 24. Rxd8+ Ka7 25. Rd7 gxf5 (25...
Ne5 26. Rxc7 $16) 26. exf5 Ne5 27. Rxc7 {White is the one in the driver's seat
and Black has to be precise to make a draw.}) 21. Bxc4 (21. fxe6 Nxe3 22. exf7
(22. Re1 fxe6) (22. Rg1 fxe6 23. Rg3 Rh1+ 24. Kb2 a3+ {leads to mate.} 25. Kb3
Rb1+) 22... Nxd1 23. Rxd1 (23. e5 c4 $5 {The simplest.}) 23... c4 $1 {[%cal
Ra5e5] and White's pawns aren't as scary as they looked.}) 21... Bxc4 22. Bf4 (
22. Rd7 Ra6 {[%cal Gc4a2] with similar plan to the game.}) 22... Ra6 $1 23. Rd7
Rc6 {The rook is very nicely placed here.} 24. Re7 {Preparing the 7th rank
penetration.} Rd8 $6 {Getting rid of the only threat of White's.} ({A stronger
try was} 24... Bxa2 25. Rdd7 a3 $1 26. Rxc7+ Rxc7 27. Rxc7+ Kd8 {with a clear
advantage.}) 25. fxg6 (25. e5 $1 gxf5 26. gxf5 {would have most likely
finished in a draw.}) 25... Rxd1+ 26. Kxd1 fxg6 27. a3 b5 28. Kd2 Kb7 29. g5 b4
$5 {The time was ripe for this, as making any waiting moves would decrease the
power of this pawn break.} 30. cxb4 cxb4 31. axb4 a3 32. Re5 a2 33. Ra5 Bb3 ({
My trainer suggested this as a better alternative.} 33... Re6 $5 34. Ke3 (34.
e5 Ra6 {[%cal Ga2a1]}) 34... Bd5 $1 {I could have probably found this, If I
had paid more attention :).}) 34. Kd3 Bc2+ {I decided to repeat once.} 35. Ke3
(35. Kd4 Ra6 {[%cal Ga2a1]}) (35. Kd2 Bb1 {[%cal Gc6c4] with a clear advantage.
}) 35... Bb1 $1 {Now no need :).} 36. Be5 Rc4 37. Bd4 Rxb4 38. e5 Rb3+ 39. Kf4
Rb4 40. Ke3 Rb3+ 41. Kf4 Rh3 42. Bf2 (42. e6 Rh4+ 43. Ke5 Re4+ 44. Kd5 c6+ {
wins.}) 42... Rh8 43. Bc5 Rh4+ 44. Kf3 Rh3+ 45. Kf4 Rh4+ 46. Kf3 Rh1 $2 {
A huge mistake throwing away a well played game and essentially the most
crucial error in my World Cup path!} (46... Rc4 $1 {was an easier alternative,
I just understimated his move. Otherwise I would have gone for this!}) 47. e6
Re1 (47... Be4+ 48. Kxe4 a1=Q 49. Rxa1 Rxa1 50. e7 Ra8 51. Kd5 $1 {I missed
this important move which cuts off the black king.}) 48. Be3 {Unfortunately
now there isn't a win anymore!} Rf1+ 49. Bf2 Be4+ 50. Kxe4 Rxf2 51. Kd3 Rf5 52.
Rxa2 Re5 53. Rf2 Rxe6 (53... Kc6 54. Rf6 Rxg5 55. e7+ Kd7 56. Re6 Ke8 57. Ke4 {
with an easy draw.}) 54. Rf6 Rb6 55. Ke4 Kc8 56. Ke5 Rb5+ 57. Kf4 Rb6 58. Ke5
Kd7 59. Rxb6 cxb6 60. Kf6 b5 61. Kxg6 b4 62. Kf7 b3 63. g6 b2 1/2-1/2

[Event "Czerniak Memorial 15th"]
[Site "Tel Aviv"]
[Date "1999.04.06"]
[Round "7"]
[White "Alterman, Boris"]
[Black "Bykhovsky, Avigdor"]
[Result "0-1"]
[WhiteElo "2615"]
[BlackElo "2450"]
[Annotator "Alterman,B"]
[PlyCount "96"]
[EventDate "1999.03.??"]
[EventType "tourn"]
[EventRounds "9"]
[EventCountry "ISR"]
[EventCategory "10"]
[SourceTitle "CBM 071"]
[Source "ChessBase"]
[SourceDate "1999.08.01"]
[SourceVersion "1"]
[SourceVersionDate "1999.08.01"]
[SourceQuality "1"]

1. c4 e5 2. Nc3 Nf6 3. Nf3 Nc6 4. a3 a5 5. g3 (5. d4 exd4 6. Nxd4 Bc5 7. Nxc6 (
7. e3 O-O (7... d6 8. Be2 O-O 9. O-O Bd7 10. b3 Re8 11. Bb2 Ne5 12. h3 c6 13.
Qc2 Qc8 14. Rad1 Bxh3 15. gxh3 Qxh3 16. Qf5 Neg4 17. Qf4 Re5 18. Bf3 g5 19. Qg3
Qxg3+ 20. fxg3 {Incutto,C-Fedorovsky,R/Buenos Aires VC 1959/EXT 97/1-0 (43)})
8. Be2 Re8 9. O-O h6 10. Ndb5 d6 11. Na4 Ba7 12. b3 Bb8 13. Bb2 Ne5 14. c5 d5
15. Bxe5 Rxe5 16. c6 bxc6 17. Nd4 Bd7 18. Rc1 Ba7 19. Nxc6 Bxc6 20. Rxc6 $14 {
1-0 Agrest,E-Lengyel,B/Budapest FS04 GM 1997/EXP 57 (39)}) (7. Nb3 Be7 8. e4
O-O 9. Be3 d6 10. Be2 Ne8 11. O-O Kh8 12. Nd4 f5 13. Nxf5 Bxf5 14. exf5 Rxf5
15. Nd5 Rf8 16. Nf4 Rg8 17. Bg4 Ne5 18. Ne6 Qb8 19. Be2 Qc8 20. Nd4 Nf6 21. h3
Qd7 22. Qc2 $14 {Kamp,C-Beck,G/Dortmund op 1987/TD 87\03/1-0 (48)}) 7... bxc6
8. e3 (8. g3 O-O 9. Bg2 Re8 10. O-O Ba6 11. b3 Rb8 12. Bg5 Be7 13. Qc2 h6 14.
Be3 d5 15. Rfd1 Bb7 $14 {0-1 Twardowski,L-Gunnarsson,J/WchJM-U12 Mamaia 1991/
EXT 91ch (50)}) 8... O-O 9. Be2 d5 10. O-O Re8 11. Bd2 Qe7 12. Rc1 Bf5 13. cxd5
cxd5 14. Bf3 Rad8 15. Na4 Bd6 16. Bxa5 Qe5 17. g3 d4 $44 {1/2-1/2 Marini,
L-Hounie Fleurquin,C/Mar del Plata 1947/MCD-r4 (41)}) (5. e3 g6 (5... Be7 6. d4
exd4 7. exd4 d6 8. h3 Bf5 9. Be3 O-O 10. Be2 Re8 11. O-O d5 12. Rc1 Qd7 13.
cxd5 Nxd5 14. Nxd5 Qxd5 15. Bc4 Qd6 $11 {Navabi,S-Sim,S/Asia-chTW Singapore
1995/EXT 97/1-0 (45)}) (5... d5 6. cxd5 Nxd5 7. Qc2 Be7 8. Bb5 O-O 9. O-O Nxc3
10. bxc3 Bd6 11. d4 Qe7 12. Bd3 f5 13. e4 f4 14. Bb2 g5 15. d5 Nd8 16. Rfe1 g4
$40 {0-1 Ragozin,E-Grabert,R/Werfen op 1994/EXT 97 (56)}) (5... d6 6. d4 exd4
7. exd4 Bg4 8. Be2 Be7 9. O-O O-O 10. h3 Bh5 11. Bf4 Re8 12. Re1 Bf8 13. Nb5
Qd7 14. d5 Bxf3 15. Bxf3 Ne5 16. Qb3 g6 17. Rad1 a4 18. Qc3 Nxf3+ 19. Qxf3 Bg7
20. Bd2 Rxe1+ 21. Rxe1 $14 {Kamp,C-Huelsmann,J/BL2-W 1990/BL2/1-0 (41)}) 6. d4
d6 7. h3 Bf5 8. g4 Bd7 9. d5 Nb8 10. e4 Na6 11. Be3 Bg7 12. Bd3 h6 13. Bc2 b6
14. Qe2 Nh7 15. O-O-O Nf8 16. Nd2 Bf6 17. Rdf1 $16 {1/2-1/2 McNab,C-Damm,F/
Hastings Challengers9596 1995/EXP 50 (37)}) (5. d3 d5 6. cxd5 Nxd5 7. e4 Nf6 8.
h3 Be7 9. Be3 O-O 10. Be2 Re8 11. O-O Bf8 12. Nb5 Nb8 13. Bg5 c6 14. Nc3 h6 15.
Be3 c5 16. Nd2 Nc6 {1/2-1/2 Bukhman,E-Sinkevich,P/Chigorin mem 1995/EXT 95}) (
5. e4 Bc5 6. h3 (6. Nxe5 Bxf2+ 7. Kxf2 Nxe5 8. d4 Neg4+ 9. Kg1 d6 10. h3 Nh6
11. Bg5 c6 12. e5 dxe5 13. Ne4 Nhg8 14. dxe5 h6 15. Qxd8+ Kxd8 {1-0 Raspor,
G-Miklavec,J/SLO-ch 1991/EXT 97}) 6... d6 7. d3 h6 8. Bd2 Nh7 9. g4 Nd4 10. Bg2
c6 11. Na4 Ba7 12. Nc3 Nxf3+ 13. Qxf3 Ng5 14. Qg3 Ne6 15. Ne2 Nc5 16. Bc3 Be6
17. O-O h5 18. g5 h4 19. Qf3 {0-1 Fiedler,R-Radi,G/Bochum-ch 1989/EXT 89ch (38)
}) 5... Nd4 6. Bg2 Nxf3+ 7. Bxf3 Be7 8. d4 d6 9. O-O O-O 10. b3 (10. Bg2 c6 11.
e4) 10... Bh3 11. Re1 c6 12. Bb2 Nd7 13. e3 Qc7 (13... f5 14. b4 $132) 14. Qc2
f5 15. b4 Bf6 16. b5 Kh8 17. bxc6 bxc6 18. Ne2 (18. d5 c5 19. Nb5 Qb6 20. Rab1
$13) 18... g5 19. Rab1 e4 20. Bg2 Bg4 $1 21. Ba1 Rab8 22. Rxb8 $2 (22. h3 Bxe2
23. Qxe2 $14) 22... Rxb8 23. h3 $2 Bxe2 $1 (23... Bh5 24. g4 fxg4 25. Ng3 $16)
24. Qxe2 d5 $15 25. Qh5 (25. Rc1 Qd6) 25... Qd6 26. c5 Qe7 27. Bc3 $2 $138 Nxc5
$17 28. Bxa5 Nd3 {[%cal Gd3f2,Yf5f4]} 29. Rf1 Qxa3 30. Bc7 Rc8 31. Bb6 (31. Qf7
Qe7) 31... Qb4 32. Qh6 Qf8 33. Qxf8+ Rxf8 34. f3 f4 $6 (34... Rb8 35. Bc7 Rb7
36. Bd6 Kg7 $17) 35. fxe4 fxe3 36. Bf3 dxe4 37. Bxe4 $3 e2 38. Bxd3 exf1=Q+ 39.
Bxf1 Rb8 40. Bc5 Rd8 41. Bg2 Bxd4+ 42. Bxd4+ Rxd4 43. Bxc6 Rd2 44. Bf3 Kg7 45.
h4 $4 {[%mdl 12288]} (45. Bh5 Kh6 46. Bf3 Kg6 47. Be4+ Kg7 48. Bf3 Rb2 (48...
h6 $2 49. Bh5 $1 $11) 49. Kh1 Rb4 50. Bh5 Kh6 51. Be8 Re4 52. Bf7 Re7 53. Bc4
Kg6 54. Kg2 h5 55. Bd3+ Kf6 56. h4 $1 $11 (56. Kf2 h4 $19)) 45... gxh4 46. gxh4
Kf6 47. Be4 h5 48. Bf3 Kg6 0-1

[Event "Interzonal-16"]
[Site "Biel"]
[Date "1993.??.??"]
[Round "6"]
[White "Xu, Jun"]
[Black "Nikolic, Predrag"]
[Result "0-1"]
[WhiteElo "2535"]
[BlackElo "2625"]
[Annotator "Ambroz,J"]
[PlyCount "96"]
[EventDate "1993.07.16"]
[EventType "swiss"]
[EventRounds "13"]
[EventCountry "SUI"]
[SourceTitle "CBM 037"]
[Source "ChessBase"]
[SourceDate "1993.12.01"]
[SourceVersion "1"]
[SourceVersionDate "1993.12.01"]
[SourceQuality "1"]

1. c4 e5 2. Nc3 Nf6 3. Nf3 Nc6 4. e3 Bb4 5. d3 (5. Qc2 $142 O-O (5... Bxc3 6.
Qxc3 Qe7 7. d3) 6. Nd5) 5... e4 $5 (5... O-O 6. Be2 Re8 7. Bd2 a5 8. Qc2 d6 9.
a3 Bxc3 10. Bxc3 a4 $15 {Psakhis-Vaiser, Sochi 1982}) 6. dxe4 Nxe4 7. Qc2 Bxc3+
$1 8. bxc3 Qe7 9. Be2 $6 (9. Nd2 $1 Nc5 10. Nb3 d6 11. Be2 Be6 12. O-O $10 {
/\ e4}) (9. a4) 9... d6 10. Nd4 $6 (10. Nd2 $142) 10... O-O 11. O-O $6 (11. Bd3
$142) 11... f5 12. f3 Nc5 13. Nb3 (13. f4 $5 Ne4 14. Bf3 Bd7 15. Ba3 $15) 13...
Be6 14. Nxc5 dxc5 15. e4 f4 $1 $17 (15... fxe4 16. Qxe4 Qf7 $15) 16. Rd1 Ne5
17. Qb3 (17. a4 $5 Nxc4 (17... Bxc4 $6 18. Bxc4+ Nxc4 19. Qb3 Qf7 20. Qxb7 $10)
18. a5 Ne5 19. c4 $44) 17... b6 18. a4 Rf6 19. a5 Raf8 {[#]} 20. Rd5 $5 (20.
axb6 cxb6 21. Qa2 Rg6 22. Qxa7 $2 Qg5 $19 23. g4 (23. g3 Qh5) 23... Nxg4 $1 24.
fxg4 Bxg4) 20... Bxd5 21. cxd5 c4 $1 22. Qd1 $6 (22. Ba3 cxb3 $1 23. Bxe7 bxa5
$19 24. Bxf6 Rxf6 25. Rxa5 b2 26. Rb5 Rb6) (22. Qb4 $5 Qxb4 23. cxb4 b5 24. Bb2
Re8 25. a6 $44 {/\ Bd4}) 22... c5 $1 23. Qa4 (23. dxc6 $142 $17) 23... Rg6 24.
Ra2 Qh4 25. Qd1 Rh6 26. h3 Rg6 27. Kh1 b5 $19 28. Qf1 Ra6 29. Bd2 Qd8 30. Qa1
g5 {()} 31. Be1 Qe7 32. Bf2 h5 33. Qd1 Rg6 34. Kg1 Rf7 35. Kf1 Rh7 36. Qd2 Qd6
37. Rb2 a6 38. Rb1 Rf7 39. Qd1 Qf8 40. Rb2 Rfg7 41. Ra2 Qe7 42. Rd2 Qd6 43. Ra2
g4 $1 44. fxg4 hxg4 45. Bxg4 Nxg4 46. hxg4 Rxg4 47. Qf3 Qh6 48. e5 Rxg2 0-1